000 00642nam a2200277Ia 4500
005 20260324143702.0
008 008 260324s9999 xx 000 0 eng d
020 _a9781315478098
037 _aEBOOK
040 _aCRL
040 _beng
040 _cCRL
041 _2eng
041 _aeng
084 _qCRL
100 _aMathilde Serao
_91216545
245 4 _aThe Conquest of Rome by Matilde Serao
260 _bTaylor and Francis
260 _c1991
365 _a
365 _b89.99
856 _uhttp://www.taylorfrancis.com/books/9781315478098
942 _cEBOOK
999 _c1822244
_d1822244